WHO technical report series; N.854 Physical status,The use and interpretation of anthropometry

Guardat en:
Dades bibliogràfiques
Autor principal: OMS
Format: Llibre
Idioma:Undetermined
Publicat: Geneva OMS 1995
Matèries:
Etiquetes: Afegir etiqueta
Sense etiquetes, Sigues el primer a etiquetar aquest registre!
Thư viện lưu trữ: Trung tâm Học liệu Trường Đại học Cần Thơ
LEADER 00588nam a2200193Ia 4500
001 CTU_34669
008 210402s9999 xx 000 0 und d
082 |a 614 
082 |b T255/N854 
100 |a OMS 
245 0 |a WHO technical report series; N.854 
245 0 |b Physical status,The use and interpretation of anthropometry 
245 0 |c OMS 
260 |a Geneva 
260 |b OMS 
260 |c 1995 
650 |a anthropometry,health status indicators,nutrition assessment 
904 |i Nguyễn Quang Điền, 991221 
980 |a Trung tâm Học liệu Trường Đại học Cần Thơ